Biblioteca y Centro de Documentación

Diálogo social y negociación colectiva en la elaboración y desarrollo de la Ley de Prevención deRiesgos Laborales (Registro nro. 47171)

Detalles MARC
000 -CABECERA
Longitud fija campo de control 01186naa a2200265 c 4500
001 - NÚMERO DE CONTROL
Número de control 47171
003 - IDENTIFICADOR DE NÚMERO DE CONTROL
Identificador del número de control ES-MaCES
005 - FECHA Y HORA DE LA ÚLTIMA TRANSACCIÓN
Fecha y hora de la última transacción 20160229134420.0
008 - CAMPO FIJO DE DESCRIPCIÓN FIJA--INFORMACIÓN GENERAL
Códigos de información de longitud fija   160229s2007 sp ||||| t||||||| ||spa d
040 ## - FUENTE DE CATALOGACIÓN
Centro catalogador de origen ES-MaCES
Lengua de catalogación spa
Centro transcriptor ES-MaCES
Centro modificado ES-MaCES
100 1# - ENCABEZAMIENTO PRINCIPAL--NOMBRE PERSONAL
9 (RLIN) 20639
Nombre de persona Peña Pinto, Marcos
245 10 - MENCIÓN DE TÍTULO
Título Diálogo social y negociación colectiva en la elaboración y desarrollo de la Ley de Prevención deRiesgos Laborales
Mención de responsabilidad, etc. Marcos Peña Pinto, Francisco González de Lena
610 14 - ASIENTO SECUNDARIO DE MATERIA--NOMBRE CORPORATIVO
9 (RLIN) 3029
Nombre de entidad corporativa o nombre de jurisdicción como elemento inicial España
Fecha del congreso o de la firma de un tratado 1995
Título de la obra Ley de prevención de riesgos laborales
650 #4 - ASIENTO SECUNDARIO DE MATERIA--TÉRMINO DE MATERIA
9 (RLIN) 28347
Término de materia o nombre geográfico como elemento inicial salud en el trabajo
650 #4 - ASIENTO SECUNDARIO DE MATERIA--TÉRMINO DE MATERIA
9 (RLIN) 28348
Término de materia o nombre geográfico como elemento inicial seguridad en el trabajo
650 #4 - ASIENTO SECUNDARIO DE MATERIA--TÉRMINO DE MATERIA
9 (RLIN) 29707
Término de materia o nombre geográfico como elemento inicial prevención
650 #4 - ASIENTO SECUNDARIO DE MATERIA--TÉRMINO DE MATERIA
9 (RLIN) 28327
Término de materia o nombre geográfico como elemento inicial condiciones de trabajo
650 #4 - ASIENTO SECUNDARIO DE MATERIA--TÉRMINO DE MATERIA
9 (RLIN) 30664
Término de materia o nombre geográfico como elemento inicial concertación social
650 #4 - ASIENTO SECUNDARIO DE MATERIA--TÉRMINO DE MATERIA
9 (RLIN) 28362
Término de materia o nombre geográfico como elemento inicial negociación colectiva
653 ## - TÉRMINO DE INDEXACIÓN--NO CONTROLADO
Término no controlado Salud
700 1# - ENCABEZAMIENTO SECUNDARIO--NOMBRE PERSONAL
9 (RLIN) 13786
Nombre de persona González de Lena, Francisco
773 0# - ENTRADA DE DOCUMENTO FUENTE
Itemnumber del ítem fuente 23618
Lugar, editor y fecha de publicación Madrid Instituto Nacional de Seguridad e Higiene en el Trabajo Fundación Largo Caballero 2007
Otro identificador del documento 070298
Título Historia de la prevención de riesgos laborales en España
Número de control del registro relacionado (ES-MaCES)20870
Número Internacional Normalizado para Libros (ISBN) 9788474257519
Parte(s) relacionada(s) p. 283-291 . - SG-7.0.-296
902 ## - CES. TIPO DE DOCUMENTO
Tipodoc (006$c Sirtex) ARL Artículo de libro
942 ## - ELEMENTOS KOHA
Fuente de clasificaión o esquema Clasificación propia del CES
Koha [por defecto] tipo de item Artículos (1982-2017)
Parte de clasificación Salud

No hay ítems disponibles.

© CES, Consejo Económico y Social de España 2021